000 00915nam a2200253Ia 4500
003 OSt
005 20220923225309.0
006 a|||||r|||| 00| 0
007 ta
008 220922b |||||||| |||| 00| 0 hin d
024 _a262,213
037 _cTextual
040 _aARTS
_cARTS
_bhin
041 _2hin
_ahin
082 _aO15,1D40:g, 152N0
100 _aभारद्वाज, शिवकुमार
245 0 _aअखण्ड और महान भारत कालिदास की कविता
246 _aAkhaṇḍa aur hinān bhārat kālidās kī kavitā
260 _aदिल्ली
_b गन्धमादन प्रकाशन
_c1990
300 _a64पृ.
_ccm.
650 _aसंस्कृत साहित्य
942 _hO15,1D40:g, 152N0
_cTEXL
_2CC
999 _c377318
_d377318